Clubs de Ligue 1, Ligue 2 et National 1 - Statistiques

Statistiques générales
  • Ce quiz a été pris 113 fois
    65 depuis la dernière actualisation
  • Le résultat moyen est 35 sur 56
Statistiques - réponses
Ligue Club % Correct
L1 Paris-SG
100%
L1 Olympique lyonnais
96%
L1 Lille OSC
95%
L1 Olympique de Marseille
95%
L2 Bordeaux
91%
L1 OGC Nice
91%
L1 AS Monaco
89%
L1 FC Nantes
85%
L1 Montpellier HSC
85%
L1 RC Lens
85%
L1 Stade Rennais
85%
L1 FC Lorient
84%
L1 FC Metz
82%
L1 Stade Brestois 29
82%
L1 Stade de Reims
82%
L2 Angers SCO
80%
L1 RC Strasbourg Alsace
80%
L1 Clermont Foot 63
78%
L2 Paris FC
78%
L1 Toulouse FC
76%
L1 Le Havre AC
75%
L2 Amiens SC
71%
N1 Nîmes Olympique
71%
L2 AC Ajaccio
67%
L2 AJ Auxerre
67%
L2 AS Saint-Étienne
67%
L2 SC Bastia
67%
L2 SM Caen
67%
N1 Sochaux
67%
L2 EA Guingamp
64%
N1 Dijon FCO
60%
L2 Grenoble Foot 38
60%
N1 Nancy
58%
N1 Red Star FC
58%
N1 Le Mans
56%
L2 Pau FC
56%
L2 Annecy
53%
L2 ESTAC Troyes
53%
L2 Laval
53%
N1 Orléans
51%
N1 Rouen FC
51%
L2 USL Dunkerque
51%
L2 Rodez
49%
N1 Châteauroux
45%
L2 Valenciennes AFC
44%
N1 FC Martigues
38%
N1 GOAL FC
38%
L2 US Concarneau
36%
N1 FC Versailles
33%
N1 Avranches
25%
N1 SO Cholet
25%
N1 FC Villefranche-Beaujolais
22%
L2 Quevilly-Rouen Métropole
22%
N1 Marignanne
18%
N1 SAS Épinal
18%
N1 Chamois Niortais
13%
Aucun quiz correspondant
Distribution des résultats
% des personnes avec chaque résultat
Percentile par nombre de réponses
Votre historique - résultats
Vous n’avez pas pris ce quiz depuis la dernière actualisation